000 00735nam a2200229Ia 4500
005 20260601193221.0
008 260601s9999||||xx |||||||||||||| ||und||
020 _a978-3-031-47366-1
_qebk
100 _aMohamed Tabaa
245 0 _aNew Technologies, Artificial Intelligence and Smart Data
250 _a1st ed. 2024
260 _aHeidelberg, Germany
_bSpringer Nature
_c2024
440 _aCommunications in Computer and Information Science
650 _aComputer Science
700 _aAhmed Lbath
700 _aAzedine Boulmakoul
700 _aFabrice Monteiro
700 _aHassan Badir
700 _aLadjel Bellatreche
856 _uhttps://link.springer.com/openurl?genre=book&isbn=978-3-031-47366-1
942 _cEB
_2ddc
999 _c55808
_d55808